ՀՀ Գիտությունների ազգային ակադեմիայի հիմնարար գիտական գրադարան  =   Fundamental Scientific Library of NAS RA

Այս գրքույկը : (Record no. 143754)

MARC details
000 -LEADER
fixed length control field 01311nam a2200253 a 4500
001 - CONTROL NUMBER
control field 000376134
003 - CONTROL NUMBER IDENTIFIER
control field AM-YeHGA
005 - DATE AND TIME OF LATEST TRANSACTION
control field 20250618072307.0
008 - FIXED-LENGTH DATA ELEMENTS--GENERAL INFORMATION
fixed length control field 041101s1983 ai a|||gr|||||||||1|arm|d
040 ## - CATALOGING SOURCE
Original cataloging agency AM-YeHGA
041 1# - LANGUAGE CODE
Language code of text/sound track or separate title arm
Language code of original rus
090 ## - LOCALLY ASSIGNED LC-TYPE CALL NUMBER (OCLC); LOCAL CALL NUMBER (RLIN)
-- 145135
100 1# - MAIN ENTRY--PERSONAL NAME
Personal name Մայակովսկի, Վլադիմիր
245 10 - TITLE STATEMENT
Title Այս գրքույկը :
Remainder of title Բանաստեղծություններ : Դպրոցական կրտսեր տարիքի համար /
Statement of responsibility, etc. Վ. Մայակովսկի; Թարգմ.՝ Ե. Պետրոսյան, Խ. Հրաչյան, Յու. Սահակյան; Խմբ.՝ Լ. Սարգսյան; Նկ.՝ Ռ. Բաբայան.
260 ## - PUBLICATION, DISTRIBUTION, ETC.
Place of publication, distribution, etc. Երևան :
Name of publisher, distributor, etc. Սովետական գրող,
Date of publication, distribution, etc. 1983.
300 ## - PHYSICAL DESCRIPTION
Extent 21 էջ :
Other physical details գուն. նկ. ;
Dimensions 30 սմ.
650 14 - SUBJECT ADDED ENTRY--TOPICAL TERM
Topical term or geographic name entry element Ռուս մանկական գրականություն
General subdivision Բանաստեղծություններ
700 1# - ADDED ENTRY--PERSONAL NAME
Personal name Պետրոսյան, Ե.
Relator term թարգմ.
Relationship trl
700 1# - ADDED ENTRY--PERSONAL NAME
Personal name Հրաչյան, Խաչիկ Թադևոսի,
Dates associated with a name 1912-1989
Relator term թարգմ.
Relationship trl
9 (RLIN) 1925
700 1# - ADDED ENTRY--PERSONAL NAME
Personal name Սահակյան, Յուրի Հակոբի,
Dates associated with a name 1937-2019
Relator term թարգմ.
Relationship trl
9 (RLIN) 2721
700 1# - ADDED ENTRY--PERSONAL NAME
Personal name Սարգսյան, Լիպարիտ Տիգրանի,
Dates associated with a name 1938-2023
Relator term խմբ.
Relationship edt
9 (RLIN) 1060
700 1# - ADDED ENTRY--PERSONAL NAME
Personal name Բաբայան, Ռաֆայել Սուրենի,
Dates associated with a name 1927-1994
Relator term նկ.
Relationship art
9 (RLIN) 2853
942 ## - ADDED ENTRY ELEMENTS (KOHA)
Source of classification or shelving scheme Universal Decimal Classification
Koha item type Գրքեր / Books
Holdings
Withdrawn status Lost status Damaged status Not for loan Collection Home library Current library Date acquired Total checkouts Full call number Barcode Date last seen Price effective from Koha item type Public note
        General Fundamental Scientific Library Fundamental Scientific Library 22/12/2016   AIII/5517 FL0075902 22/12/2016 22/12/2016 Գրքեր / Books 30 Days Loan


ՀՀ ԳԱԱ հիմնարար գիտական գրադարան
ՀՀ,Երևան 0019
Մարշալ Բաղրամյան 24/6
հեռախոս:(374-10) 52-47-50
Հետադարձ կապ

All site content, except where otherwise noted, is licensed under a
Creative Commons License